KIFO KISIMANI (Record no. 176304)
[ view plain ]
| 000 -LEADER | |
|---|---|
| fixed length control field | 00231nam a2200097Ia 4500 |
| 050 ## - LIBRARY OF CONGRESS CALL NUMBER | |
| Classification number | PL 8704 .K5235 M314 2001 |
| 100 ## - MAIN ENTRY--PERSONAL NAME | |
| Personal name | MBERIA,KITHAKA |
| 245 #0 - TITLE STATEMENT | |
| Title | KIFO KISIMANI |
| 942 ## - ADDED ENTRY ELEMENTS (KOHA) | |
| Koha item type | Long Loan Book |
| Withdrawn status | Lost status | Source of classification or shelving scheme | Damaged status | Not for loan | Collection | Home library | Current library | Shelving location | Date acquired | Inventory number | Total checkouts | Full call number | Barcode | Date last seen | Copy number | Price effective from | Koha item type | Date last checked out |
|---|---|---|---|---|---|---|---|---|---|---|---|---|---|---|---|---|---|---|
| Library of Congress Classification | Special Research | Kisii University Library | Kisii University Library | On Display | 09/15/2023 | 00039592 | PL 8704 .K 5235 M 364 2001 | 015467 | 09/15/2023 | 5 | 09/15/2023 | Long Loan Book | ||||||
| Library of Congress Classification | Arts & Social Sciences | Kisii University Library | Kisii University Library | Fiction | 11/26/2025 | 110178 | 4 | PL 8704 .K5235 M 364 2001 | 000000018807 | 04/09/2026 | C.6 | 11/26/2025 | Long Loan Book | 03/25/2026 | ||||
| Library of Congress Classification | Arts & Social Sciences | Kisii University Library | Kisii University Library | Fiction | 11/26/2025 | 110179 | 4 | PL 8704 .K5235 M 364 2001 | 000000018808 | 03/18/2026 | C.7 | 11/26/2025 | Long Loan Book | 03/04/2026 | ||||
| Library of Congress Classification | Arts & Social Sciences | Kisii University Library | Kisii University Library | Fiction | 11/26/2025 | 110180 | 3 | PL 8704 .K5235 M 364 2001 | 000000018809 | 03/21/2026 | C.8 | 11/26/2025 | Long Loan Book | 03/09/2026 |